| 000 | 00638nam a2200217Ia 4500 | ||
|---|---|---|---|
| 005 | 20260629163254.0 | ||
| 008 | 260629s9999||||xx |||||||||||||| ||und|| | ||
| 020 |
_a9781844676439 _qpbk |
||
| 082 |
_a338.9 _bSMI.3E |
||
| 100 | _aSmith, Neil | ||
| 245 | 0 | _aUneven development : nature, capital, and the production of space [3rd ed.] | |
| 250 | _a1st ed. 1984 ; 3rd ed. 2010 | ||
| 260 |
_aLondon _bVerso _c2010 |
||
| 300 | _axvii, 323p. ; 22cm. | ||
| 653 | _aCapitalism | ||
| 653 | _aEconomic geography | ||
| 653 | _aHuman geography | ||
| 653 | _aNature—Effect of human beings on | ||
| 653 | _aSpace in economics | ||
| 942 | _cBK | ||
| 999 |
_c57307 _d57307 |
||